Paesi con più siti UNESCO in Asia - Statistics

Statistiche generali
  • Questo quiz è stato fatto 27 volte
    26 dall'ultimo reset
  • Il punteggio medio è 26 su 28
Statistiche sulle risposte
N° totale di siti N° di siti culturali N° di siti naturali N° di siti misti Paese % Corretto
60 41 15 4 Cina
100%
17 15 2 / Corea del Sud
100%
26 21 5 / Giappone
100%
7 6 / 1 Giordania
100%
10 6 4 / Indonesia
100%
29 27 2 / Iran
100%
6 5 / 1 Iraq
100%
6 3 3 / Kazakistan
100%
6 4 2 / Mongolia
100%
5 5 / / Oman
100%
22 20 / 2 Turchia
100%
9 6 2 1 Vietnam
100%
8 7 1 / Arabia Saudita
96%
44 36 7 1 India
96%
8 5 3 / Thailandia
96%
5 5 / / Cambogia
91%
8 6 2 / Sri Lanka
91%
5 3 2 / Tagikistan
91%
7 5 2 / Uzbekistan
91%
5 4 1 / Yemen
91%
6 6 / / Pakistan
87%
6 3 3 / Filippine
83%
9 9 / / Israele
83%
6 4 2 / Malesia
83%
6 6 / / Libano
78%
6 6 / / Siria
78%
5 4 1 / Turkmenistan
78%
5 4 1 / Azerbaigian
52%
Nessun quiz corrispondente trovato
Distribuzione punteggi
Percentuale di utenti per punteggio
Percentile per numero di risposta
I tuoi punteggi nel tempo
Non hai fatto questo quiz dall'ultimo reset